[Event "CZE-ch U14 Girls"]
[Site "Kouty nad Desnou"]
[Date "2020.03.07"]
[Round "1"]
[White "Vankova, Marie"]
[Black "Kostkova, Katerina"]
[Result "1-0"]
[WhiteElo "1367"]
[BlackElo "1068"]
[PlyCount "50"]
[EventDate "2020.03.07"]
[EventType "swiss"]
[EventRounds "7"]
[EventCountry "CZE"]
[SourceTitle "CBM 195 Extra"]
[Source "ChessBase"]
[SourceDate "2020.05.31"]
[SourceVersion "1"]
[SourceVersionDate "2020.05.31"]
[SourceQuality "1"]

1. e4 e5 2. Nf3 Nc6 3. Bc4 Bc5 4. 0-0 Nf6 5. d4 Bxd4 6. Nxd4 Nxd4 7. f4 d6 8. fxe5 dxe5 9. Bg5 Bd7 10. Bxf6 gxf6 11. c3 Bb5 12. Na3 Bxc4 13. Nxc4 Nc6 14. Qg4 Qd3 15. Na3 h5 16. Qf5 Qe3+ 17. Kh1 Rh6 18. Rad1 Ne7 19. Qd7+ Kf8 20. Qxc7 Ng8 21. Qxb7 Re8 22. Nc4 Qe2 23. Nd6 Re7 24. Qa8+ Kg7 25. Nf5+ Kg6 1-0

[Event "Karlovy Vary CupT U16"]
[Site "Karlovy Vary"]
[Date "2020.01.22"]
[Round "2.4"]
[White "Vankova, Marie"]
[Black "Setina, Vaclav"]
[Result "0-1"]
[WhiteElo "1368"]
[BlackElo "1523"]
[PlyCount "98"]
[EventDate "2020.01.22"]
[EventType "team-swiss"]
[EventRounds "4"]
[EventCountry "CZE"]
[SourceTitle "CBM 194 Extra"]
[Source "ChessBase"]
[SourceDate "2020.03.31"]
[SourceVersion "1"]
[SourceVersionDate "2020.03.31"]
[SourceQuality "1"]
[WhiteTeam "Zlinsky kraj"]
[BlackTeam "Jihomoravsky kraj"]
[WhiteTeamCountry "CZE"]
[BlackTeamCountry "CZE"]

1. e4 c5 2. Nf3 Nc6 3. d4 cxd4 4. Nxd4 g6 5. c4 Bg7 6. Be3 Nf6 7. Nc3 Ng4 8. Nxc6 Nxe3 9. Nxd8 Bxc3+ 10. bxc3 Nxd1 11. Nxf7 Nxf2 12. Nxh8 Nxh1 13. Bd3 d6 14. Ke2 Bg4+ 15. Ke3 Ng3 16. hxg3 e5 17. Rf1 Be6 18. Nxg6 hxg6 19. Rf6 Bf7 20. g4 Ke7 21. g5 Rh8 22. g4 Rh3+ 23. Rf3 Rh2 24. Rf2 Rxf2 25. Kxf2 Be6 26. Be2 Kd7 27. Ke3 Kc6 28. Kd2 Kc5 29. Kc2 Bxc4 30. Bxc4 Kxc4 31. Kd2 b5 32. Kc2 d5 33. exd5 Kxd5 34. Kd3 e4+ 35. Ke3 Ke5 36. a3 a6 37. Ke2 a5 38. Kd2 Kf4 39. Ke2 a4 40. Kf2 e3+ 41. Ke2 Ke4 42. Ke1 Kd3 43. Kd1 Kxc3 44. Ke2 Kd4 45. Ke1 b4 46. axb4 a3 47. b5 a2 48. Ke2 a1Q 49. b6 Qb2+ 0-1

[Event "EU Union-ch U12"]
[Site "Kouty nad Desnou"]
[Date "2018.08.15"]
[Round "9"]
[White "Vankova, Marie"]
[Black "Paluska, Karol"]
[Result "1/2-1/2"]
[WhiteElo "1321"]
[BlackElo "1421"]
[PlyCount "108"]
[EventDate "2018.08.07"]
[EventType "swiss"]
[EventRounds "9"]
[EventCountry "CZE"]
[SourceTitle "CBM 186 Extra"]
[Source "ChessBase"]
[SourceDate "2018.08.24"]
[SourceVersion "1"]
[SourceVersionDate "2018.08.24"]
[SourceQuality "1"]

1. e4 c6 2. d4 d5 3. exd5 cxd5 4. Bd3 Nc6 5. c3 Nf6 6. h3 Qc7 7. Nf3 e6 8. 0-0 Bd6 9. Re1 0-0 10. Qe2 Re8 11. Ne5 Bxe5 12. dxe5 Nd7 13. Bf4 Nf8 14. Qh5 b6 15. Re3 Bb7 16. Rg3 Ng6 17. Bxg6 hxg6 18. Qg5 Ne7 19. Nd2 Nf5 20. Rg4 Rad8 21. h4 Qe7 22. Qxe7 Nxe7 23. Rd1 Nf5 24. Bh2 Ba6 25. Ra4 Bc8 26. Rxa7 Nxh4 27. Ra4 Nf5 28. Rb4 d4 29. Rxb6 dxc3 30. bxc3 Rd3 31. c4 Red8 32. Rb2 Ba6 33. c5 Ne7 34. Bf4 Nf5 35. Bg5 Rc8 36. Rc1 Nd4 37. Kh1 Nc6 38. Nf3 Rd5 39. Rb6 Nxe5 40. Nxe5 Rxe5 41. Rxa6 Rxg5 42. c6 Kf8 43. c7 Ke7 44. a4 Kd7 45. Rac6 Ra5 46. R6c4 Ra7 47. Kh2 Ra5 48. Kg3 Ra7 49. Kf4 Ra5 50. Rd1+ Ke7 51. Rdc1 f6 52. R1c2 Kd7 53. Rd2+ Ke7 54. Rdc2 Kd7 1/2-1/2

[Event "CZE-ch U12 Girls"]
[Site "Kouty nad Desnou"]
[Date "2017.03.18"]
[Round "9"]
[White "Vankova, Marie"]
[Black "Zemanova, Nikola"]
[Result "1-0"]
[WhiteElo "1209"]
[BlackElo "1211"]
[PlyCount "87"]
[EventDate "2017.03.11"]
[EventType "swiss"]
[EventRounds "9"]
[EventCountry "CZE"]
[SourceTitle "CBM 177 Extra"]
[Source "ChessBase"]
[SourceDate "2017.04.27"]
[SourceVersion "1"]
[SourceVersionDate "2017.04.27"]
[SourceQuality "1"]

1. e4 e5 2. Nf3 Nc6 3. Bc4 Bc5 4. 0-0 Nf6 5. d4 exd4 6. e5 Ng4 7. Bf4 d5 8. exd6 Bxd6 9. Re1+ Be7 10. Nbd2 Bf5 11. Ne4 h6 12. h3 Nf6 13. Nxf6+ gxf6 14. Bb5 a6 15. Bxc6+ bxc6 16. Nxd4 Qd7 17. Nxf5 Qxf5 18. Bxc7 Kf8 19. Bd6 Re8 20. Bxe7+ Rxe7 21. Qd8+ Kg7 22. Qxe7 Rg8 23. Qe4 Qd7 24. Qg4+ Qxg4 25. hxg4 Rh8 26. Rad1 h5 27. gxh5 Rxh5 28. Rd6 Rc5 29. c3 Kg6 30. Kh2 Rh5+ 31. Kg3 Rg5+ 32. Kf3 Rf5+ 33. Ke3 Re5+ 34. Kd2 Rf5 35. Re2 Rb5 36. Rxc6 Rxb2+ 37. Kd3 Rb8 38. Rxa6 Rd8+ 39. Kc2 Kg7 40. c4 Rc8 41. Re4 f5 42. Rh4 Re8 43. Kc3 Re2 44. Rf4 1-0

[Event "CZE-ch U12 Girls"]
[Site "Kouty nad Desnou"]
[Date "2017.03.17"]
[Round "8"]
[White "Strnadova, Monika"]
[Black "Vankova, Marie"]
[Result "1-0"]
[WhiteElo "1310"]
[BlackElo "1209"]
[PlyCount "81"]
[EventDate "2017.03.11"]
[EventType "swiss"]
[EventRounds "9"]
[EventCountry "CZE"]
[SourceTitle "CBM 177 Extra"]
[Source "ChessBase"]
[SourceDate "2017.04.27"]
[SourceVersion "1"]
[SourceVersionDate "2017.04.27"]
[SourceQuality "1"]

1. d4 d5 2. Bf4 Nf6 3. e3 c5 4. c3 Qb6 5. Qb3 c4 6. Qxb6 axb6 7. Be2 e6 8. Nd2 Be7 9. Ngf3 0-0 10. h4 Nc6 11. h5 h6 12. Ne5 Nxe5 13. dxe5 Nh7 14. Nf3 b5 15. Rh3 Bg5 16. Nxg5 hxg5 17. Bh2 Bd7 18. a3 f6 19. exf6 Nxf6 20. Be5 Ne4 21. h6 Nf6 22. hxg7 Kxg7 23. Rg3 Kg6 24. f4 Ne4 25. Rh3 gxf4 26. exf4 Rg8 27. Bh5+ Kf5 28. g4+ Rxg4 29. Bxg4+ Kxg4 30. Rh7 Bc6 31. 0-0-0 Nc5 32. Rg1+ Kf5 33. Rf7+ Ke4 34. Re1+ Kf3 35. Kd1 Nd3 36. Rf1+ Ke4 37. Kc2 Nxe5 38. Re1+ Kf3 39. fxe5+ Kg4 40. Rg1+ Kh5 41. Rh7# 1-0

[Event "CZE-ch U12 Girls"]
[Site "Kouty nad Desnou"]
[Date "2017.03.16"]
[Round "7"]
[White "Vankova, Marie"]
[Black "Novakova, Barbora"]
[Result "1-0"]
[WhiteElo "1209"]
[BlackElo "1368"]
[PlyCount "89"]
[EventDate "2017.03.11"]
[EventType "swiss"]
[EventRounds "9"]
[EventCountry "CZE"]
[SourceTitle "CBM 177 Extra"]
[Source "ChessBase"]
[SourceDate "2017.04.27"]
[SourceVersion "1"]
[SourceVersionDate "2017.04.27"]
[SourceQuality "1"]

1. e4 c5 2. Nf3 d6 3. d4 cxd4 4. Nxd4 Nf6 5. Nc3 g6 6. Be3 Bg7 7. f3 0-0 8. Qd2 Bd7 9. Bc4 Nc6 10. 0-0-0 Rc8 11. Bb3 a6 12. h4 b5 13. h5 Nxd4 14. Bxd4 Nxh5 15. g4 Bxd4 16. Qxd4 Nf4 17. Rxh7 e5 18. Qxd6 Kxh7 19. Rh1+ Kg7 20. Qxe5+ Qf6 21. Rh7+ Kxh7 22. Qxf6 Ne6 23. Nd5 Nc5 24. Qh4+ Kg7 25. g5 Nxb3+ 26. axb3 Rh8 27. Qg3 Rce8 28. Nc7 Rd8 29. Kb1 Rh1+ 30. Ka2 b4 31. Qf4 f5 32. gxf6+ Kf7 33. e5 Bc8 34. Qxb4 Rdd1 35. Qc4+ Kf8 36. Qc5+ Kg8 37. Ka3 a5 38. b4 Rh3 39. Qc4+ Kh7 40. Qf7+ Kh6 41. Qf8+ Kg5 42. Qxc8 axb4+ 43. Kxb4 Rd4+ 44. Kc5 Rd2 45. Qg4+ 1-0

[Event "CZE-ch U12 Girls"]
[Site "Kouty nad Desnou"]
[Date "2017.03.11"]
[Round "1"]
[White "Vankova, Marie"]
[Black "Fizerova, Lucie"]
[Result "1-0"]
[WhiteElo "1209"]
[BlackElo "1395"]
[PlyCount "90"]
[EventDate "2017.03.11"]
[EventType "swiss"]
[EventRounds "9"]
[EventCountry "CZE"]
[SourceTitle "CBM 177 Extra"]
[Source "ChessBase"]
[SourceDate "2017.04.27"]
[SourceVersion "1"]
[SourceVersionDate "2017.04.27"]
[SourceQuality "1"]

1. e4 c5 2. Nf3 Nc6 3. d4 cxd4 4. Nxd4 Nf6 5. Nc3 e5 6. Ndb5 d6 7. Nd5 Nxd5 8. exd5 Ne7 9. c3 a6 10. Qa4 axb5 11. Qxa8 Nxd5 12. Bxb5+ Ke7 13. Qa4 h6 14. 0-0 g5 15. Be3 f5 16. Rad1 Nxe3 17. fxe3 Qb6 18. Rde1 f4 19. Kh1 Be6 20. c4 Bg7 21. b4 Rc8 22. Qc2 Kf6 23. exf4 gxf4 24. Qe2 Bf5 25. Rd1 Kg6 26. Qd2 Bf8 27. Qd5 Qc7 28. a4 Be7 29. a5 Kf6 30. Rc1 Be6 31. Qd3 Kg7 32. a6 bxa6 33. Bxa6 Rb8 34. Rb1 Qa7 35. b5 Qb6 36. Rfc1 Bd8 37. Qc3 Qe3 38. Qxe3 fxe3 39. c5 dxc5 40. Rxc5 Kf6 41. Rc3 Bb6 42. Rc6 Ke7 43. h3 Ba5 44. b6 Bd7 45. Rxh6 Be6 1-0

[Event "EU-ch U10 Girls 26th"]
[Site "Prague"]
[Date "2016.08.25"]
[Round "7"]
[White "Vankova, Marie"]
[Black "Gagua, Nani"]
[Result "0-1"]
[WhiteElo "1162"]
[BlackElo "1382"]
[PlyCount "82"]
[EventDate "2016.08.18"]
[EventType "swiss"]
[EventRounds "9"]
[EventCountry "CZE"]
[SourceTitle "CBM 174 Extra"]
[Source "ChessBase"]
[SourceDate "2016.10.10"]
[SourceVersion "1"]
[SourceVersionDate "2016.10.10"]
[SourceQuality "1"]

1. e4 c5 2. Nf3 e6 3. d4 cxd4 4. Nxd4 Nf6 5. Nc3 Nc6 6. Be3 Bb4 7. Bd3 d5 8. Nxc6 bxc6 9. e5 Nd7 10. Qg4 Bf8 11. Bd4 c5 12. Be3 Nxe5 13. Bb5+ Bd7 14. Bxd7+ Qxd7 15. Qg3 Nc4 16. b3 Nxe3 17. fxe3 d4 18. Qf3 Rc8 19. Ne2 dxe3 20. Qxe3 Be7 21. 0-0 Bf6 22. Rad1 Qe7 23. c3 0-0 24. Qg3 Rfd8 25. Rxd8+ Rxd8 26. Nf4 Be5 27. Qe3 Bxf4 28. Rxf4 e5 29. Re4 f6 30. b4 cxb4 31. cxb4 Rd1+ 32. Kf2 Rb1 33. Qc3 Qb7 34. Qc4+ Kf8 35. Kf3 f5 36. Qc5+ Kg8 37. Qc4+ Kh8 38. Qc5 Qxe4+ 39. Kf2 Rb2+ 40. Kg3 Rxg2+ 41. Kh3 Qg4# 0-1

[Event "EU-ch U10 Girls 26th"]
[Site "Prague"]
[Date "2016.08.20"]
[Round "3"]
[White "Vankova, Marie"]
[Black "Volovich, Julia"]
[Result "1-0"]
[WhiteElo "1162"]
[BlackElo "1435"]
[PlyCount "61"]
[EventDate "2016.08.18"]
[EventType "swiss"]
[EventRounds "9"]
[EventCountry "CZE"]
[SourceTitle "CBM 174 Extra"]
[Source "ChessBase"]
[SourceDate "2016.10.10"]
[SourceVersion "1"]
[SourceVersionDate "2016.10.10"]
[SourceQuality "1"]

1. e4 e6 2. d4 d5 3. exd5 exd5 4. Bd3 Bd6 5. Ne2 Ne7 6. 0-0 0-0 7. Be3 Nbc6 8. Nbc3 Bf5 9. Bxf5 Nxf5 10. Qd3 Nxe3 11. fxe3 Ne7 12. Nf4 Bxf4 13. Rxf4 Ng6 14. Rf5 c6 15. Raf1 Qe7 16. e4 dxe4 17. Nxe4 Rae8 18. Re1 Qh4 19. Re3 Qg4 20. Rg5 Qf4 21. Rgg3 Qc7 22. Rh3 f5 23. Ng5 Nf4 24. Qb3+ Nd5 25. Rxe8 Rxe8 26. Rxh7 Re1+ 27. Kf2 Qe7 28. Rh8+ Kxh8 29. Qh3+ Kg8 30. Qh7+ Kf8 31. Qh8# 1-0

[Event "EU-ch U10 Girls 26th"]
[Site "Prague"]
[Date "2016.08.19"]
[Round "2"]
[White "Denic, Hana"]
[Black "Vankova, Marie"]
[Result "0-1"]
[WhiteElo "1412"]
[BlackElo "1162"]
[PlyCount "122"]
[EventDate "2016.08.18"]
[EventType "swiss"]
[EventRounds "9"]
[EventCountry "CZE"]
[SourceTitle "CBM 174 Extra"]
[Source "ChessBase"]
[SourceDate "2016.10.10"]
[SourceVersion "1"]
[SourceVersionDate "2016.10.10"]
[SourceQuality "1"]

1. e4 e5 2. Nf3 Nc6 3. Bc4 Bc5 4. d3 Nf6 5. Bg5 d6 6. h3 Bd7 7. 0-0 Qe7 8. Nc3 h6 9. Nd5 Qd8 10. Bxf6 gxf6 11. Qd2 Be6 12. a3 Bxd5 13. Bxd5 Qd7 14. b4 Nd4 15. Qd1 Rg8 16. Kh1 c6 17. bxc5 cxd5 18. Nxd4 exd4 19. Re1 0-0-0 20. Qf3 dxc5 21. Qxf6 Rg6 22. Qf4 Rdg8 23. g4 Qe7 24. exd5 Qh4 25. Qh2 h5 26. f3 hxg4 27. hxg4 Qxh2+ 28. Kxh2 f5 29. Rg1 Rh8+ 30. Kg3 fxg4 31. fxg4 Rhg8 32. Kf3 Kd7 33. Rab1 b6 34. Rbe1 Kd6 35. Re6+ Rxe6 36. dxe6 Kxe6 37. Kf4 Kf6 38. g5+ Kg6 39. Rh1 a5 40. Rh6+ Kg7 41. Rxb6 Rf8+ 42. Kg4 Rf2 43. g6 Rg2+ 44. Kf5 Rf2+ 45. Kg5 Rg2+ 46. Kf4 Rxc2 47. Kf5 Rf2+ 48. Kg5 Rg2+ 49. Kf4 Rxg6 50. Rxg6+ Kxg6 51. Ke5 Kg5 52. Kd5 Kf4 53. Kxc5 Ke3 54. Kc4 a4 55. Kb4 Kxd3 56. Kxa4 Kc2 57. Kb4 d3 58. a4 d2 59. a5 d1Q 60. a6 Qd5 61. a7 Qb7+ 0-1

[Event "CZE-ch U10 Girls"]
[Site "Kouty nad Desnou"]
[Date "2015.03.10"]
[Round "4"]
[White "Novakova, Barbora"]
[Black "Vankova, Marie"]
[Result "1-0"]
[WhiteElo "1052"]
[BlackElo "1000"]
[PlyCount "87"]
[EventDate "2015.03.07"]
[EventType "swiss"]
[EventRounds "9"]
[EventCountry "CZE"]
[SourceTitle "EXT 2017"]
[Source "ChessBase"]
[SourceDate "2016.10.25"]
[SourceVersion "1"]
[SourceVersionDate "2016.10.25"]
[SourceQuality "1"]

1. d4 e6 2. e4 d5 3. exd5 exd5 4. Nc3 Nf6 5. Bg5 Be7 6. Nf3 0-0 7. Qd3 Nbd7 8. 0-0-0 c5 9. Ne5 Nxe5 10. dxe5 c4 11. Qe2 Ng4 12. Bxe7 Qxe7 13. Rxd5 Qg5+ 14. Kb1 Re8 15. e6 Qg6 16. exf7+ Qxf7 17. Qd2 Nxf2 18. Rg1 Ne4 19. Nxe4 Rxe4 20. Rd8+ Re8 21. Bxc4 Qxc4 22. Rxe8+ Kf7 23. Rge1 Be6 24. b3 Rxe8 25. Qf2+ Kg8 26. bxc4 Rf8 27. Qxa7 Bxc4 28. Re7 Rf1+ 29. Kb2 Bd5 30. Qb8+ Rf8 31. Qc7 Bf7 32. h4 h6 33. g4 g5 34. hxg5 hxg5 35. Qxb7 Kg7 36. a4 Kf6 37. a5 Kg7 38. a6 Kg8 39. a7 Kg7 40. a8Q Rxa8 41. Qxa8 Kf6 42. Qf8 Kg6 43. Qxf7+ Kh6 44. Re6# 1-0

[Event "CZE-ch U10 Girls"]
[Site "Kouty nad Desnou"]
[Date "2015.03.08"]
[Round "2"]
[White "Fizerova, Lucie"]
[Black "Vankova, Marie"]
[Result "1-0"]
[WhiteElo "1206"]
[BlackElo "1000"]
[PlyCount "65"]
[EventDate "2015.03.07"]
[EventType "swiss"]
[EventRounds "9"]
[EventCountry "CZE"]
[SourceTitle "EXT 2017"]
[Source "ChessBase"]
[SourceDate "2016.10.25"]
[SourceVersion "1"]
[SourceVersionDate "2016.10.25"]
[SourceQuality "1"]

1. e4 e5 2. Nf3 Nc6 3. Bb5 Nf6 4. 0-0 Be7 5. Re1 0-0 6. c3 d5 7. exd5 Qxd5 8. Bxc6 Qxc6 9. Nxe5 Qe6 10. Ng6 Qxe1+ 11. Qxe1 Re8 12. Nxe7+ Rxe7 13. Qxe7 Bd7 14. Qe1 Re8 15. Qf1 Bc6 16. d4 Re4 17. f3 Re6 18. Bf4 Nd5 19. Bd2 a5 20. Qd3 b5 21. c4 bxc4 22. Qxc4 a4 23. Nc3 Rd6 24. Nxd5 Bxd5 25. Qxc7 h6 26. Qxd6 Bb7 27. Re1 Bc8 28. Re8+ Kh7 29. Qf8 Kg6 30. Re7 Kh5 31. Qxf7+ g6 32. Re5+ Kh4 33. Be1# 1-0